[Event "Sigeman & Co 07th"]
[Site "Malmo"]
[Date "1999.06.16"]
[Round "8"]
[White "Timman, Jan H"]
[Black "Movsesian, Sergei"]
[Result "0-1"]
[WhiteElo "2670"]
[BlackElo "2650"]
[Annotator "Ribli,Z"]
[PlyCount "72"]
[EventDate "1999.06.??"]
[EventType "tourn"]
[EventRounds "9"]
[EventCountry "SWE"]
[EventCategory "14"]
[SourceTitle "CBM 072"]
[Source "ChessBase"]
[SourceDate "1999.10.01"]
[SourceVersion "1"]
[SourceVersionDate "1999.10.01"]
[SourceQuality "1"]

{[%mdl 2080]} 1. e4 {Meulders} c5 2. Nf3 e6 3. d4 cxd4 4. Nxd4 Nc6 5. Nc3 Qc7
6. Be3 a6 7. Bd3 {Das ist eine prinzipielle Variante gegen den sogenannten
Taimanow-Aufbau. Weiss spielt nicht 7.Be2, sondern möchte nach 7.Bd3 mit f2-f4,
Qf3 eine sofortigen Angriff einleiten. Ribli.} Nf6 8. O-O h5 {Eine gute Idee -
Timman ist theoretisch sehr gut vorbereitet und daher vermeidet Schwarz die
Hauptvarianten. Mit dem Partiezug verschärft Schwarz das Spiel. Er möchte mit
dem König in der Mitte bleiben und als Gegenwert taktische Chancen bekommen.} (
{Meulders: Am meisten wird hier der "normalere" Zug} 8... Ne5 {gespielt. Der
Textzug sieht antipositionell (Feld g5 wird geschwächt) und sehr provokant aus
wenn man denkt in üblichen Termen von "Schwarz rochiert kurz". In dieser
Variante rochiert Schwarz aber nicht kurz sondern gar nicht oder eventuell
lang. Die Hauptdrohung ist jetzt Be3 durch ...Ng4 zu belästigen. Auch werden
aktive weisse Operationen vorlaüfig gebremst.}) 9. h3 {Meulders: 'Die
Standardreaktion.'} b5 (9... Nxd4 {Meulders} 10. Bxd4 Bc5 11. Be2 (11. Bxc5
Qxc5 {und jetzt gibt es verschiedene Möglichkeiten:} 12. Qd2 (12. Qf3 d6 (12...
h4 $1 13. Rad1 d6 $13) 13. Qg3 g5 14. Na4 $16 Qa5 15. b3 Ke7 16. f4 Rg8 17. e5
Ne8 18. Rad1 Bd7 19. exd6+ Nxd6 20. Bh7 Bxa4 21. Bxg8 Qc5+ 22. Qf2 {1-0
Golubev,M-Zvjaginsev,V/Loosdorf 1993/EXT 97 (51)}) (12. Na4 Qc6 (12... Qa5 13.
c4 d6 14. Qb3 Bd7 15. Nb6 Rb8 16. Nxd7 Nxd7 17. Rfd1 $14) 13. c4 d6 14. Nc3 e5
15. Nd5 Be6 16. b4 Bxd5 17. exd5 Qb6 18. Qd2 a5 19. a3 axb4 20. axb4 O-O 21.
Rab1 Ra3 22. Rfd1 Rfa8 23. c5 dxc5 24. bxc5 Qxc5 25. d6 e4 {1/2-1/2 Kindermann,
S-Movsesian,S/Baden-Baden 1996/CBM 55 (25)}) (12. Qe2 d6 13. Rad1 Bd7 14. Rfe1
Bc6 15. a3 h4 16. Na2 Qe5 17. Nb4 Rc8 18. c3 g5 19. Qe3 Ke7 20. Qa7 Qc5 21.
Qxc5 dxc5 22. Nxc6+ {1/2-1/2 Van Delft,M-Gustafsson,J/Tingkaerskolen 1997/EXT
98 (90)}) (12. Re1 d6 13. Qd2 Bd7 14. Rad1 Rd8 15. Bf1 Ke7 16. e5 dxe5 17. Qg5
Bc6 18. Rxe5 Qb4 19. Rde1 Kf8 20. Ne4 Bxe4 21. R1xe4 Qxb2 22. Rc4 {0-1 Mertens,
M-Gadhi,H/Elista 1998/CBM 66 ext (31)}) 12... d6 13. a4 Bd7 14. a5 Rc8 {
1/2-1/2 Motwani,P-Gheorghiu,F/Thessaloniki 1988/TD (14).}) 11... Qd6 (11... d6
{Movsesian} 12. Bxc5 $6 (12. Bxf6 $6 gxf6 13. Bxh5 b5 $44 {0-1 Mainka,
R-Bischoff,K/Recklinghausen 1997/CBM 60 ext/ (28) Mit den beiden Laüfern und
der halboffenen g-Linie für die Türme hat Schwarz mehr als ausreichende
Kompensation für den Minusbauer.}) 12... Qxc5 13. Qd3 b5 14. Rfd1 Ke7 $10) 12.
Bxc5 (12. Bxf6 Qxd1 13. Rfxd1 gxf6 14. Na4 d6 15. Nxc5 dxc5 16. Rd3 Bd7 17. Rc3
$14 {1/2-1/2 Gonzalez Diaz,D-Paunovic,D/Aceimar 1995/EXT 97 (31)}) 12... Qxc5
13. Qd3 h4 (13... b5 14. Qg3 Bb7 $1 15. e5 h4 $1 $36 {1/2-1/2 Kulaots,K-Miezis,
N/Riga 1995/CBM 47/ (52)}) 14. Rad1 b5 15. b4 Qc7 16. f4 Bb7 17. e5 Nh5 18. Bf3
{1/2-1/2 Joecks,C-Stanke,J/Hamburg 1999/CBM 72_02 (32)}) (9... Bd6 {Meulders}
10. Nxc6 (10. Re1 Bh2+ 11. Kh1 Nxd4 12. Bxd4 Be5 13. Bxe5 Qxe5 14. Qd2 g5 15.
Nd5 $1 {+/- Prie,E-Miladinovic,I/Yerevan (ol) 1996 (17)} (15. f4 $5 gxf4 16.
Rf1 h4 (16... d6 17. Rxf4 $16) 17. Rxf4 Nh5 18. Rf2 Ng3+ 19. Kg1 b5 $13)) (10.
Kh1 Ng4 $1) (10. Qe2 b5 11. Nxc6 dxc6 12. f4 e5 13. f5 Bb7 $13) (10. f4 Bc5 11.
Nce2 (11. e5 Bxd4 12. Bxd4 Nxd4 13. exf6 gxf6 14. f5 d5 15. Kh1 Qg3 16. fxe6
Bxe6 17. Qe1 Rg8 18. Qxg3 Rxg3 $14 {1/2-1/2 Hracek,Z-Movsesian,S/CZE 1997/EXT
99 (28)}) 11... d6 $132) (10. Be2 Bh2+ 11. Kh1 Bf4 12. Qd2 Bxe3 13. Qxe3 Ng4
14. Bxg4 hxg4 15. Nxc6 bxc6 16. Qg5 gxh3 17. Qxg7 hxg2+ 18. Kxg2 Qh2+ 19. Kf3
a5 20. Ke3 $13 {1/2-1/2 Jaracz,P-Maciejewski,M/Sopot 1997/CBM 59 (34)}) 10...
bxc6 11. f4 e5 12. f5 (12. Qf3 exf4 13. Bxf4 Bxf4 14. Qxf4 Qxf4 15. Rxf4 d6 16.
e5 dxe5 17. Re1 Nd7 18. Rc4 Rh6 19. Bf5 $14 {1/2-1/2 Gaponenko,I-Botsari
Miladinovic,A/Erevan 1996/EXT 97 (48)}) 12... Qa5 13. Qe1 Bc5 14. Qf2 Bxe3 15.
Qxe3 Rb8 16. Rab1 d6 17. Qg5 Rh7 18. Qe3 Rh8 19. Qg5 Rh7 20. Qe3 Rh8 {1/2-1/2
Seifert,M-Marsalek,J/Brno 1964/MCD (20)}) (9... h4 {Meulders} 10. Nf3 b5 11.
Qd2 Bb7 12. Bf4 d6 13. a4 b4 14. Ne2 Ne5 15. Rfe1 Nxf3+ 16. gxf3 e5 17. Bg5 a5
18. c3 b3 19. Nc1 Bc6 20. Nxb3 Qd7 $36 {0-1 Olenin,N-Brylev,I/Moscow 1996/EXT
98 (35)}) 10. Nxc6 (10. a3 Bb7 11. Qe1 (11. Qe2 h4 12. f4 Nh5 13. Qf2 Be7 $13 {
Agnos,D-Miladinovic,I/Ano Liosia/1995/EXP46/}) 11... Rc8 (11... h4 $5) 12. f4
Nxd4 13. Bxd4 Bc5 14. Bxc5 Qxc5+ 15. Kh1 d6 16. Qh4 $36 {Mainka,R-Miladinovic,
I/Ano Liosia/1995/EXP46/} (16. Qh4 {Meulders} Kf8 17. Rae1 b4 18. axb4 Qxb4 19.
Ra1 Qxb2 20. Rab1 Qxc3 21. Rxb7 $44 {1-0 Mainka,R-Miladinovic,I/Ano Liosia
1995/CBM 46 ext (44)})) (10. Nb3 Ne5 {[%csl Yc4][%cal Ge5c4]} 11. f4 Nc4 {
[%csl Gc4]} 12. Bd4 $13 Bb7 13. Qe2 h4 $5 {0-1 Hector,J-Miladinovic,I/Malmo
1998/CBM 66/[Ribli] (41)}) 10... Qxc6 (10... dxc6 11. f4 $14) 11. a3 (11. e5
Bb7 (11... b4 {Meulders} 12. Ne2 Bb7 13. f3 Bc5 14. Bf2 Nd5 15. Be4 Qc7 16.
Bxc5 Qxc5+ 17. Qd4 Qxd4+ 18. Nxd4 Ke7 19. a3 $14 {0-1 Tatai,S-Vasiukov,E/
Amsterdam 1969/MCL (40)}) (11... Bb7 12. Qf3 Qxf3 13. gxf3 b4 $10)) (11. f3 Bc5
12. Qe2 Bb7 13. Qf2 Rc8 {0-1 Grigoriants,S-Mastrovasilis,D/Oropesa del Mar
1998/CBM 67 ext (59)}) 11... Bb7 12. Re1 (12. Bg5 Bc5 13. Re1 d6 14. Bxf6 gxf6
15. Nd5 Kd8 16. Qf3 f5 17. c4 {'~~!?' Meulders.} bxc4 18. Bxc4 exd5 19. Bxd5 {
Meulders: '1/2-1/2 Stripunsky,A-Lastin,A/Moscow 1994/EXT 97 (51)'} Qb6 {
1/2-1/2 Stripunsky,A-Lastin,A/Moscow op 1994/EXT 94op (51)}) (12. Qe2 $5) 12...
Bd6 {[%cal Gd6e5] '!' Meulders. Meulders: '/\...Be5 x Nc3.' Die positionelle
schwarze Drohung ist 13...Be5.} (12... h4 13. Qf3 (13. Qd2 Rc8 (13... Be7 $5)
14. Rad1 b4 15. axb4 Bxb4 16. Bd4 Rh5 17. Qf4 Kf8 (17... Be7) 18. Bxf6 gxf6 19.
Qxf6 {Meulders} e5 20. Qxc6 Rxc6 $16 {1-0 Hansen,C-Miladinovic,I/Groningen
1997/CBM 63 (41)}) 13... Be7 14. Bd4 Kf8 15. b4 Qc7 16. Nb1 Nh5 17. Nd2 Bf6 18.
c3 Nf4 19. Bf1 Kg8 20. Rac1 Bc6 21. Bxf6 $16 {1/2-1/2 Kotronias,V-Miladinovic,
I/Poros 1998/EXT 99 (36)}) 13. Bd4 {'!?' Meulders. Meulders: 'Dies erscheint
bloss Tempoverlust weil Schwarz den logischen Zug ...e5 spielt, aber damit
nimmt er sich die Möglichkeit ...Be5 zu spielen.'} (13. f4 e5 $11 (13... e5 {
Meulders} 14. f5 Bc5 15. Qf3 Qb6 16. Qf2 Rc8 17. Bxc5 Qxc5 18. Qxc5 Rxc5 $11))
13... e5 {Früher oder später muss Schwarz so spielen, sonst droht entweder 14.
Bf1 nebst 15.e5 oder 14.Nd5.} (13... Bf4 {Dolmatov} 14. Bf1 $16) 14. Be3 Bc5
$146 {Die Zentrumsstellung ist geschlossen und Schwarz möchte die
schwarzfeldrigen Läufer tauschen.} (14... b4 15. axb4 Bxb4 16. Bd2 {1-0
Topalov,V-Miladinovic,I/Elenite 1995/CBM 50/[Topalov] (51)}) 15. Qd2 (15. Qf3
Bxe3 16. Qxe3 d6 $13) 15... Rc8 {[%cal Gc8c3]} 16. Bxc5 (16. Rad1 $2 Bxa3)
16... Qxc5 17. Qg5 {[%csl Gg5] Die weisse Dame steht aktiv am Königsflügel.}
Kf8 (17... O-O 18. Re3 $8 $36) 18. Rad1 (18. Re3 $5 {Meulders} Rh6 (18... h4
19. Be2 $16) 19. Be2 Rg6 20. Qf5 $14) 18... h4 $5 $13 {[%cal Gh8h5] Meulders:
'[#]'} 19. Bf1 {'?!' Meulders.} (19. Be2 $5 {Mit dieser Fortsetzung kann Weiss
das schwarze Gegenspiel mit 19...Rh5 verhindern.} Bxe4 (19... Nxe4 $2 20. Nxe4
Bxe4 21. Rxd7 Re8 (21... Bxc2 $4 22. Rd8+ Rxd8 23. Qxd8#) 22. Bh5 $18) 20. Bxb5
$13 {'!' Meulders.} (20. Bxb5 $1 {Meulders} axb5 (20... Bxc2 21. Bxa6 Rc6 22.
Rc1 $14 (22. Rd5 $6 Qb6 $17) 22... Rh5 23. Qd2 Rxa6 24. Rxc2 Rd6 25. Qe2 $16)
21. Nxe4 Nxe4 22. Rxe4 d6 (22... Qxc2 $2 23. Rxd7 Qc1+ 24. Qxc1 Rxc1+ 25. Kh2
Rh5 26. Rd8+ Ke7 27. Rd5 $18) 23. Rxh4 Rxh4 24. Qxh4 Qxc2 25. Rxd6 Kg8 26. Rd8+
Rxd8 27. Qxd8+ Kh7 28. Qh4+ Kg6 29. Qb4 $16)) 19... Rh5 20. Qd2 Bc6 {Schwarz
bereitet 21...a5 und 22...b4 mit aktivem Spiel am Damenflügel vor.} 21. b4 {
Meulders: 'Greift die Dame an und legt die schwarzen Damenflügelbauern fest
auf der Farbe des Läufers. Ein Nachteil ist, dass Nc3 jetzt weniger gut
gedeckt ist und dass Bc2 rückständig bleibt. Könnte aber Weiss c4 folgen
lassen, so stände er klar besser.'} (21. Qd6+ {Meulders} Qxd6 22. Rxd6 Ke7 23.
Red1 $14) (21. Be2 {Meulders} Rh6 22. Bf3 a5 23. Qg5 b4 24. axb4 axb4 25. Nd5
Bxd5 26. exd5 d6 27. Rd2 $14) 21... Qe7 22. Nd5 {'?' Meulders. Meulders: 'M.e.
ein positioneller Fehler: durch das Hindernis Pd5 verliert Weiss den Druck auf
der d-Linie und der schwarze Springer erweist sich dem weissen Laüfer als
überlegen.'} (22. Re3 Kg8 $13) (22. Be2 $1 {Meulders} Rh6 23. Bf3 $14 Rg6 24.
Qd3 {/\Nb1/Nd2/Rc1/c4 ist eine interessante aber Zeitraubende Idee.} Kg8 25.
Nb1 Ne8 26. Nd2 (26. c4 Qe6 $1 27. Bg4 Qxc4 28. Bxd7 Qxd3 29. Rxd3 Rd8 30. Bxc6
Rxd3 31. Bxe8 Re6 $17) 26... Nd6 27. Qb3 $5 {/\c4} (27. c4 $5 bxc4 28. Nxc4 Bb5
29. Nxd6 Bxd3 30. Nxc8 Qd8 31. Rxd3 Qxc8 32. Bg4 Qc2 33. Rxd7 Rf6 34. Bf3 Qc3
35. Re3 Qc1+ 36. Rd1 Qb2 {mit ungefähr gleichem Spiel.}) 27... Qe6 28. Bg4 Qe7
(28... Qxb3 29. cxb3 $14) 29. Bf3 Qe6 30. Bg4 Qe7 $11) 22... Bxd5 23. exd5 Qd6
$1 {Normalerweise ist die Dame keine besonders geeignete Blockadefigur, aber
hier wird der d5-Bauer in einigen Varianten schwach.} (23... d6 24. Rc1 {
[%cal Gc2c4]} (24. c4 $1 {Meulders} e4 25. Qd4 $14)) 24. Be2 (24. c4 bxc4 25.
Rc1 Qxd5 (25... c3 {Meulders} 26. Rxc3 Rxc3 27. Qxc3 Nxd5 28. Qc8+ Ke7 29. Qxa6
$16) 26. Qxd5 Nxd5 27. Bxc4 Nf4 28. Bxa6 Rxc1 29. Rxc1 Rg5 $132 {Meulders:
'Die Variante erfordert viel Rechenarbeit, aber scheint günstig zu sein für
Schwarz.'}) 24... Rf5 {[%cal Gf5f4,Ge5e4] '=/+' Meulders. Schwarz aktiviert
den Turm. Es droht 24...e4 oder eventuell 25...Rf4.} 25. Bf3 Rc4 26. Be2 Rc8
27. Bf3 {Meulders: 'Weiss ist mit Remis einverstanden....'} Rf4 $5 $15 {
'!' Meulders. Meulders: 'aber der Gegner nicht.' Schwarz ist nicht zufrieden
mit der Zugwiederholung. Seine Türme stehen aktiv, der weisse c-Bauer ist
schwach und der f3-Läufer steht nicht besonders gut.} 28. Qe3 $6 (28. Qd3 Rfc4
29. Qf5 Rxc2 30. Qxe5 Qxe5 31. Rxe5 R8c3 $15) 28... e4 $1 29. Rd4 (29. Be2 Rxc2
$17) 29... Rxc2 {'-/+' Meulders.} 30. Bxe4 Rcxf2 $17 {Schwarz hat einen Bauern
mehr und eine aktive Figurenstellung.} 31. Rc1 $2 (31. Bb1 R4f3 $5 32. Qxf2
Rxf2 33. Kxf2 Qb6 34. Red1 Nxd5 $17) (31. Bf3 R4xf3 32. gxf3 Qg3+ $19) (31. Bd3
{Meulders} Rxd4 32. Qxd4 Rf4 33. Qc3 g6 $17 {/-+.}) 31... Qe5 {'-+!' Meulders.
Meulders: 'Der Triumph der Zentralisation.'} 32. Rc8+ (32. Re1 Ra2 33. Kh1 Rxa3
$19) 32... Ne8 {'!' Meulders.} (32... Ke7 $2 33. d6+ Ke6 34. Qb3+ $18) 33. Rd1
f5 $19 {[%csl Re3,Re4] '!' Meulders. Meulders: 'Die letzte Genauigkeit.' Nach
diesem Zug muss Weiss weiteres Material geben.} 34. Qc5+ d6 35. Rxe8+ Kxe8 36.
Qc8+ Kf7 {Und Weiss gab in verlorener Stellung auf.} 0-1

[Event "Bermuda"]
[Site "Bermuda"]
[Date "2004.01.22"]
[Round "7"]
[White "Iordachescu, Viorel"]
[Black "Macieja, Bartlomiej"]
[Result "1/2-1/2"]
[WhiteElo "2634"]
[BlackElo "2653"]
[Annotator "Ribli,Z"]
[PlyCount "102"]
[EventDate "2004.01.15"]
[EventType "tourn"]
[EventRounds "10"]
[EventCountry "BER"]
[EventCategory "16"]
[SourceTitle "CBM 099"]
[Source "ChessBase"]
[SourceDate "2004.03.30"]
[SourceVersion "1"]
[SourceVersionDate "2004.03.30"]
[SourceQuality "1"]

1. e4 c5 2. Nf3 e6 3. Nc3 a6 4. d4 cxd4 5. Nxd4 Nc6 6. Be3 Qc7 7. Qd2 Nf6 8.
O-O-O Bb4 9. f3 Ne5 10. Nb3 b5 11. Qe1 $5 $146 {[%mdl 8] Eine theoretische
Neuerung in einer gut bekannten Stellung. Die weiße Drohung ist 12.Nxb5 -
ebenso wie nach 11.Kb1.} Bxc3 (11... Be7 12. f4 $36 {Jetzt können wir den
Vorteil des Zuges 11.Qe1!? sehen: - der Springerzug 11...Nc4 kommt nicht mit
Tempo.}) (11... Rb8 $5) 12. Qxc3 Qxc3 13. bxc3 d5 (13... Nc4 14. Bxc4 bxc4 15.
Na5 d5 16. exd5 Nxd5 $5 (16... exd5 17. Bd4 $16) 17. Bd4 f6 18. Nxc4 $14) 14.
Bd4 $14 {[%csl Gd4] Weiß hat das Läuferpaar und eine aktive Figurenstellung,
was mehr wert ist als die Schwächung der Bauernstruktur.} Ned7 15. exd5 (15. e5
Ng8 $11 {[%cal Gg8e7,Ge7c6]} (15... Nh5 16. g3 f6 17. f4 $14)) 15... Nxd5 $5 {
Schwarz opfert einen Bauern, um Gegenspiel zu erlangen.} (15... exd5 16. Bd3
$14 {[%cal Gh1e1,Ge1e8]}) 16. Bxg7 (16. c4 bxc4 17. Bxc4 $14) 16... Rg8 17. Bd4
Bb7 18. c4 $1 {Auf diese Weise befreit sich Weiß von seinem Doppelbauern auf
der c-Linie.} bxc4 19. Na5 {[%cal Ra5b7,Ra5c4]} O-O-O 20. Nxc4 $16 {[%cal
Gc4d6,Gd6c8,Gd6f7] Weiß hat das Läuferpaar und einen Bauern mehr. Es gibt
einige Aktivität für Schwarz, aber das ist keine ausreichende Kompensation.}
Kc7 21. Rd2 f6 {[%cal Ge6e5]} 22. Na5 Ba8 23. c4 (23. Bxa6 e5 24. Ba7 Nf4 $132)
23... Nf4 24. Nb3 (24. Be3 e5 $16) 24... Ne5 (24... e5 25. Be3 Bc6 26. Kc2 $18)
25. Bxe5+ $6 {Nach meiner Meinung wäre es besser, das Läuferpaar auf dem Brett
zu behalten.} (25. Kc2 $16) 25... fxe5 26. Rxd8 Rxd8 $14 {[%csl Gd8,Gf4][%cal
Ga8h1] Plötzlich hat Schwarz aktives Figurenspiel - es ist nicht leicht für
Weiß seine Figuren zu koordinieren.} 27. Nd2 Rd4 28. Kc2 e4 $1 29. Nxe4 (29.
Kc3 e5 $14) 29... Bxe4+ 30. fxe4 e5 $1 {[%cal Gf4e6,Ge6c5] Schwarz muss sich
nicht mit dem Zurückgewinn des e4-Bauern beeilen - zuerst macht er Platz für
den Springer auf e6.} (30... Rxe4 31. g3 $16) 31. g3 Ne6 32. Bd3 Nc5 33. Rd1
Nxd3 34. Rxd3 Rxe4 {[%mdl 4096]} (34... Rxc4+ $4 35. Rc3 $18) 35. Kc3 h5 36. a4
h4 37. a5 (37. gxh4 Rxh4 38. h3) 37... Re2 38. gxh4 Rxh2 39. Rd5 Rxh4 40. Rxe5
Rh1 {Weiß hat einen Bauern mehr in diesem Turmendspiel, aber sein Plusbauer
hat keine große Bedeutung, weil in vielen Stellungen (bei a- und c-Bauern für
Weiß) die Mehrbauern trotzdem nicht zum Sieg reichen.} 41. Re6 Kb7 42. Kd4 Ra1
43. Re5 Kc6 {Weiß kommt nicht weiter.} 44. Rc5+ Kd6 45. Rh5 Kc6 46. Rh6+ Kb7
47. Rb6+ Ka7 48. c5 Rxa5 $11 49. Kd5 Rb5 50. Rd6 (50. Rxb5 axb5 51. Kc6 b4 $11)
50... Rb1 51. Kc6 Rc1 1/2-1/2

[Event "Mermaid Beach Club"]
[Site "Bermuda"]
[Date "1997.??.??"]
[Round "9"]
[White "Waitzkin, Joshua"]
[Black "Vescovi, Giovanni P"]
[Result "0-1"]
[WhiteElo "2440"]
[BlackElo "2490"]
[Annotator "Ribli,Z"]
[PlyCount "70"]
[EventDate "1997.01.??"]
[EventType "tourn"]
[EventRounds "11"]
[EventCountry "BER"]
[EventCategory "11"]
[SourceTitle "CBM 058"]
[Source "ChessBase"]
[SourceDate "1997.06.01"]
[SourceVersion "1"]
[SourceVersionDate "1997.06.01"]
[SourceQuality "1"]

1. e4 c5 2. Nf3 e6 3. d4 cxd4 4. Nxd4 Nc6 5. Nc3 Qc7 6. Be3 a6 7. Bd3 Nf6 8.
O-O Ne5 9. h3 Bc5 10. Na4 {Mit der Partiefortsetzung strebt Weiß aktives Spiel
am Damenflügel an, aber heutzutage scheinen auch 10.f4 und10.Kh1 gefährlich
für Schwarz.Ribli.} (10. f4 Nc6 11. Nf5 Ne7 $6 (11... Bxe3+ $5 12. Nxe3 d6 $13
{Frolov,D-Tunik,G/Moscow-ch/1996/}) 12. Nxg7+ $5 {Das führt zu großen
Komplikationen, in denen Weiß eine Figur für chancenreichen Angriff opfert.
Der Sieg von Weiß in der Partie Topalov-Huebner,Wijk aan Zee 1996 änderte die
frühere Bewertung dieser Variante.Ribli.}) 10... d6 $146 {Eine interessante
Fortsetzung. Schwarz hat keine Angst, den Läufer aufzugeben. Früher lautete
die Antwort ausschließlich 10...Ba7.Ribli.} (10... Ba7 11. c4 d6 12. Rc1 Bd7
13. Nc3 O-O 14. b3 Bc5 $13 {Varga,Zo-Horvath,Jo/Balatonbereny/1996/}) 11. c4 $6
{Nach diesem Zug hat das spätere Nxc5 immer den Nachteil, daß der Punkt d4 für
Weiß geschwächt ist.Ribli.} (11. Nxc5 dxc5 12. Nf3 $5 c4 (12... Nxd3 13. cxd3
$14) (12... Nxf3+ 13. Qxf3 c4 14. Be2 Qc6 $13) 13. Nxe5 cxd3 14. Nxd3 Nxe4 15.
Qg4 f5 16. Qh5+ $14) 11... O-O 12. Rc1 b6 $11 13. Bb1 (13. a3 Bb7 14. f3 {
[%cal Yb2b4] Das scheint mir logischer.Ribli.}) 13... Bb7 14. f3 Rfd8 15. Qd2 (
15. a3 $5 {[%cal Yb2b4]}) 15... d5 $1 16. cxd5 exd5 17. b4 (17. exd5 Nxd5 18.
Nxc5 bxc5 19. Bf2 Qb6 $13) 17... Nc4 $1 {Ich glaube, daß Weiß diesen Zug nicht
gesehen hat.Ribli.} (17... Qd7 18. Nxc5 (18. bxc5 $5 Qxa4 19. c6 Nxc6 20. Nxc6
Bxc6 21. Bxb6 $36) 18... bxc5 19. Rxc5 Nc4 20. Qf2 Nxe3 21. Qxe3 dxe4 $13) 18.
Qe1 (18. Rxc4 dxc4 19. bxc5 bxc5 $17 {[%cal Rd8d4,Rc5d4]}) 18... Bf8 {Dank
seiner aktiven Figurenstellung hat Schwarz die besseren Aussichten.Ribli.} 19.
Nf5 Bc6 $1 {[%csl Ra4]} 20. Rxc4 (20. Nc3 Bxb4 $17 {Und 21.Qg3 ist nicht
möglich, da die schwarze Dame auf c7 steht.Ribli.}) 20... dxc4 21. Bxb6 Qb8 22.
Bxd8 Qxd8 $44 {Schwarz hat einen Bauern weniger, aber mit dem Läuferpaar hat
er Kompensation in dieser komplizierten Stellung.Ribli.} 23. e5 (23. Nc5 a5 24.
a3 axb4 25. axb4 Qb6 {[%csl Rc5][%cal Rb6g1,Rf8b4]} 26. Kh1 Bxc5 27. bxc5 Qxc5
28. Qg3 g6 $11) 23... Nd5 (23... Bxa4 24. exf6 Qxf6 $13) 24. Nc5 g6 $13 25. Qg3
$6 (25. Nd4 Nxb4 26. Nxc6 Bxc5+ $19) (25. Nd6 Bxd6 26. exd6 Qxd6 27. Be4 $11)
25... Nxb4 $15 {[%csl Rc5]} 26. Ne4 Bxe4 {Schwarz muß natürlich diesen
gefährlichen Springer tauschen.Ribli.} 27. Bxe4 Rc8 $1 {[%cal Yc4c1]} 28. Nd6
Bxd6 29. exd6 {Der weiße d-Bauer stört auf den ersten Blick die schwarze
Stellung, aber in Wirklichkeit hat Schwarz auch seinen Freibauern, und mit
folgendem 30...Nd3 kann er die d-Linie neutralisieren.Ribli.} Qb6+ 30. Kh2 $5 (
30. Kh1 {Es war möglich, diesen Königszug zu machen, und dann hängt der Bauer
auf d6 später nicht mit Schach.Ribli.} Nd3 31. Bxd3 cxd3 32. Rd1 Rd8 $16 {
[%csl Rd6][%cal Rd8d6]}) 30... Nd3 31. Rd1 (31. d7 Rd8) 31... Qd4 $1 32. Bxd3
cxd3 33. f4 (33. Qg4 Qxd6+ {Dieser Zug kommt mit Schach!Ribli.}) 33... d2 $17
34. Qa3 (34. f5 Rc1 35. fxg6 hxg6 $17) 34... Rc1 $1 35. Qxc1 Qxf4+ {Und Weiß
gab auf, da die zweite schwarze Dame die Partie entscheidet.Ribli.} 0-1